000 00591nam a2200181Ia 4500
008 100920s9999 xx 000 0 und d
082 _b6266
_a891.43 थ 56
100 _aसुथार छोटूभाई.
245 _aधरती और आकाश.
260 _bसत्ससाहित्य प्रकाशन, दिल्ली.
_c1956
300 _a47
_bसाधी
365 _b1.25
520 _aहिंदी.
630 _aधरती और आकाश.
650 _aहिंदी.
730 _aधरती और आकाश.
942 _cBOOK
999 _c674829
_d674826